LIBRARY & INFORMATION CENTRE, KCAET, TAVANUR

ONLINE PUBLIC ACCESS CATALOGUE (OPAC)

Agriculture and Food Production (Record no. 15644)

MARC details
000 -LEADER
fixed length control field 00351nam a22001457a 4500
003 - CONTROL NUMBER IDENTIFIER
control field OSt
008 - FIXED-LENGTH DATA ELEMENTS--GENERAL INFORMATION
fixed length control field 190522b ||||| |||| 00| 0 eng d
020 ## - INTERNATIONAL STANDARD BOOK NUMBER
ISBN 9789384533366
082 ## - DEWEY DECIMAL CLASSIFICATION NUMBER
Classification number 630
Item number SHA/AG
100 ## - MAIN ENTRY--AUTHOR NAME
Personal name Sharma, B K
245 ## - TITLE STATEMENT
Title Agriculture and Food Production
260 ## - PUBLICATION, DISTRIBUTION, ETC. (IMPRINT)
Place of publication Delhi
Name of publisher Amiga Press.INC
Year of publication 2018
300 ## - PHYSICAL DESCRIPTION
Number of Pages 236 p.
942 ## - ADDED ENTRY ELEMENTS (KOHA)
Koha item type Books
Holdings
Withdrawn status Lost status Damaged status Collection code Home library Current library Shelving location Date acquired Cost, normal purchase price Full call number Accession Number Koha item type
      Non-fiction KAUAET KAUAET General Stacks 22/05/2019 1850.00 630 SHA/AG 25876 Books
free website counter